书目信息 |
| 题名: |
常用电视接收天线
|
|
| 作者: | 谷深远 , 俱新德 编著 | |
| 分册: | ||
| 出版信息: | 北京 国防工业出版社 1983 |
|
| 页数: | 282页 | |
| 开本: | 21cm | |
| 丛书名: | ||
| 单 册: | ||
| 中图分类: | TN948.52 | |
| 科图分类: | ||
| 主题词: | 电视天线 | |
| 电子资源: | ||
| ISBN: | ||
| 000 | 00699nam0 2200241 45 | |
| 001 | 0183005221 | |
| 005 | 20060626103846.31 | |
| 010 | @dCNY1.15 | |
| 091 | @a15034.2504 | |
| 100 | @a19950705d1983 em y0chiy0121 ea | |
| 101 | 0 | @achi |
| 102 | @aCN@b110000 | |
| 105 | @ay z 000yy | |
| 200 | 10 | @a常用电视接收天线@Achang yong dian shi jie shou tian xian@f俱新德,谷深远编著@Fju xin de,gu shen yuan bian zhu |
| 210 | @a北京@c国防工业出版社@d1983 | |
| 215 | @a282页@d21cm | |
| 606 | @a电视天线 | |
| 690 | @aTN948.52@v3 | |
| 701 | 0 | @a谷深远@Agu shen yuan@4编著 |
| 701 | 0 | @a俱新德@Aju xin de@4编著 |
| 801 | 2 | @aCN@bNLC@c20060626 |
| 801 | 0 | @aCN@b上海图书馆@c20040519 |
| 905 | @dTN948.52@e81 | |
| 常用电视接收天线/俱新德,谷深远编著.-北京:国防工业出版社,1983 |
| 282页;21cm |
| ISBN :CNY1.15 |
| ● |
| 相关链接 |
|
|
|
|
正题名:常用电视接收天线
索取号:TN948.52/81
 
预约/预借
| 序号 | 登录号 | 条形码 | 馆藏地/架位号 | 状态 | 备注 |
| 1 | 0158906 | 001325989 | 第三借阅区/ [索取号:TN948.52/81] | 在馆 | |
| 2 | 0158907 | 202123585 | 第二样本阅览室/ [索取号:TN948.52/81] | 在馆 | |
| 3 | 0421388 | 204213886 | 密集书库/ [索取号:TN948.52/81] | 在馆 |